| 000 | 00730nam a2200205 a 4500 | ||
|---|---|---|---|
| 001 | BRCA_6059 | ||
| 005 | 20190320205322.0 | ||
| 008 | 170608s2001----mx-a---###---#000-0#spa-# | ||
| 050 | 4 |
_aAM23 _b.E57 2001 |
|
| 100 | 1 |
_aEnríquez Cabrera, Susana _915294 |
|
| 245 | 1 | 0 | _aGuía de los museos del Centro Histórico de la Ciudad de México. |
| 260 |
_aCiudad de México _c2001 |
||
| 300 |
_a142 p. _bil. |
||
| 502 | _aTesis Licenciatura (Licenciada en Turismo) Instituto de Estudios Superiores de Turismo | ||
| 650 | 1 | 4 |
_aMuseos _vGuías _xCentro Histórico _zCiudad de México _915295 |
| 700 | 1 |
_aSolano Vázquez, Verónica _eCoautor _915296 |
|
| 700 | 1 |
_aMiranda Zúñiga, Ezequiel _easesor _915297 |
|
| 902 | _aTES | ||
| 942 |
_2lcc _cTES |
||
| 999 |
_c5746 _d5746 |
||